[Event "Villa de Guaduas"]
[Site "SchemingMind.com"]
[Date "2014.06.23"]
[Round "-"]
[White "fouche"]
[Black "emvarela"]
[Result "1-0"]
[WhiteCountry "COL"]
[BlackCountry "ARG"]
[WhiteElo "1653"]
[WhiteRD "58"]
[BlackElo "1677"]
[BlackRD "48"]
[GameID "360301"]

1. d4 d5 2. c4 e6 3. Nc3 Nf6 4. Nf3 c6 5. e3 Be7 6. Bd3 O-O 7. O-O Nbd7 8. Bd2 dxc4 9. Bxc4 Nb6 10. Qe2 Nxc4
11. Qxc4 Qb6 12. Rab1 Qb4 13. Qe2 a5 14. a3 Qb3 15. Rfc1 Nd5 16. Nxd5 exd5 17. Rc3 Qb5 18. Qxb5 cxb5 19. Rbc1 b4 20. axb4 Bxb4
21. Rc7 Bxd2 22. Nxd2 b6 23. Nf3 Be6 24. Rb7 Rab8 25. Rcc7 Rfc8 26. h3 Rxb7 27. Rxb7 h6 28. Rxb6 Rc1+ 29. Kh2 Rc2 30. Kg3
1-0

[Event "Villa de Guaduas"]
[Site "SchemingMind.com"]
[Date "2014.06.23"]
[Round "-"]
[White "emvarela"]
[Black "fouche"]
[Result "0-1"]
[WhiteCountry "ARG"]
[BlackCountry "COL"]
[WhiteElo "1677"]
[WhiteRD "48"]
[BlackElo "1653"]
[BlackRD "58"]
[GameID "360302"]

1. e4 e6 2. d4 d5 3. Nc3 dxe4 4. Nxe4 Nf6 5. Bg5 Be7 6. Bxf6 Bxf6 7. Nxf6+ Qxf6 8. c3 O-O 9. Qf3 Qxf3 10. Nxf3 Nd7
11. Ne5 Nxe5 12. dxe5 b6 13. O-O-O Bb7 14. f3 Rfd8 15. Be2 Kf8 16. Rxd8+ Rxd8 17. Rd1 Ke7 18. Rxd8 Kxd8 19. g3 Ke7 20. f4 f6
21. exf6+ gxf6 22. Kd2 Kd6 23. Ke3 e5 24. fxe5+ Kxe5 25. Bf3 Bxf3 26. Kxf3 h5 27. h4 a6
0-1

[Event "Villa de Guaduas"]
[Site "SchemingMind.com"]
[Date "2014.06.23"]
[Round "-"]
[White "fouche"]
[Black "kenneth m day"]
[Result "0-1"]
[WhiteCountry "COL"]
[BlackCountry "USA"]
[WhiteElo "1612"]
[WhiteRD "57"]
[BlackElo "1741"]
[BlackRD "52"]
[GameID "360341"]

1. e4 e5 2. f4 exf4 3. Bc4 Nc6 4. Nf3 g5 5. h4 g4 6. Bxf7+ Kxf7 7. Ng5+ Ke8 8. Qxg4 Nf6 9. Qxf4 Bd6 10. Qf5 Nd4
11. Qf2 Nxc2+ 12. Kd1 Nxa1 13. d4 Rf8 14. e5 Nd5 15. Qe2 Nf4 16. Bxf4 Rxf4 17. exd6+ Kf8 18. Nxh7+ Kg8 19. Qe5 Rf7 20. Ng5 Rf2
21. Qe4 Qf6 22. Qe8+ Kg7 23. Re1 Qxd4+
0-1

[Event "Villa de Guaduas"]
[Site "SchemingMind.com"]
[Date "2014.06.27"]
[Round "-"]
[White "kenneth m day"]
[Black "fouche"]
[Result "1/2-1/2"]
[WhiteCountry "USA"]
[BlackCountry "COL"]
[WhiteElo "1754"]
[WhiteRD "50"]
[BlackElo "1653"]
[BlackRD "58"]
[GameID "360342"]

1. e4 e6 2. d4 d5 3. Nc3 dxe4 4. Nxe4 Nf6 5. Bd3 Be7 6. Nf3 O-O 7. c3 Nbd7 8. h3 Nxe4 9. Bxe4 Nf6 10. Bd3 b6
11. Bf4 Bb7 12. O-O c5 13. Re1 cxd4 14. Nxd4 a6 15. Be5 Bd6 16. Bxf6 Qxf6 17. Qh5 g6 18. Qh6 Qf4 19. Qxf4 Bxf4 20. Be4 Rab8
21. g3 Bh6 22. Nc6 Bxc6 23. Bxc6 Rfd8 24. Rad1 Kf8 25. Bf3 Ke7 26. b3 Rxd1 27. Rxd1 Rd8 28. Rxd8 Kxd8 29. Bb7 a5 30. Kg2 Bd2=
1/2-1/2

[Event "Villa de Guaduas"]
[Site "SchemingMind.com"]
[Date "2014.06.23"]
[Round "-"]
[White "emvarela"]
[Black "kenneth m day"]
[Result "0-1"]
[WhiteCountry "ARG"]
[BlackCountry "USA"]
[WhiteElo "1677"]
[WhiteRD "48"]
[BlackElo "1754"]
[BlackRD "50"]
[GameID "360343"]

1. e4 e5 2. Nf3 d6 3. d4 exd4 4. Nxd4 g6 5. Nc3 Bg7 6. Be3 Nf6 7. Bc4 O-O 8. Qd2 Re8 9. f3 c5 10. Ndb5 Nc6
11. Qxd6 Qxd6 12. Nxd6 Rd8 13. Bxc5 Ne5 14. Bb3 b6 15. Nxc8 Raxc8 16. Be7 Rd7 17. Bxf6 Bxf6 18. Nd5 Bg7 19. O-O-O Rcd8 20. Rd2 Nc6
21. Rhd1 Kf8 22. a3 Na5 23. Nc3 Bh6 24. Nd5 Bxd2+ 25. Rxd2 Rc8 26. Nf6 Nxb3+
0-1

[Event "Villa de Guaduas"]
[Site "SchemingMind.com"]
[Date "2014.06.23"]
[Round "-"]
[White "kenneth m day"]
[Black "emvarela"]
[Result "1/2-1/2"]
[WhiteCountry "USA"]
[BlackCountry "ARG"]
[WhiteElo "1754"]
[WhiteRD "50"]
[BlackElo "1677"]
[BlackRD "48"]
[GameID "360344"]

1. e4 e5 2. f4 exf4 3. Nf3 Nf6 4. e5 Qe7 5. Qe2 Ng4 6. d4 d6 7. Bxf4 dxe5 8. dxe5 Qb4+ 9. c3 Qxf4 10. Nbd2 Ne3
11. g3 Nc2+ 12. Kd1 Ne3+ 13. Ke1 Nc2+ 14. Kd1 Ne3+ 15. Ke1 Nc2+ 16. Kd1 Ne3+
1/2-1/2

[Event "Villa de Guaduas"]
[Site "SchemingMind.com"]
[Date "2014.06.25"]
[Round "-"]
[White "fouche"]
[Black "Scooter"]
[Result "1/2-1/2"]
[WhiteCountry "COL"]
[BlackCountry "USA"]
[WhiteElo "1612"]
[WhiteRD "57"]
[BlackElo "1774"]
[BlackRD "48"]
[GameID "360491"]

1. e4 c6 2. d4 d5 3. exd5 cxd5 4. c4 Nf6 5. Nc3 Nc6 6. Nf3 Bg4 7. cxd5 Nxd5 8. Be2 e6 9. O-O Bb4 10. Nxd5 exd5
11. a3 Ba5 12. Qd3 O-O 13. Bg5 f6 14. Bh4 Re8 15. Rac1 Bb6 16. h3 Bxf3 17. Bxf3 Nxd4 18. Bg4 Nc6 19. Rfe1 Rxe1+ 20. Rxe1 Ne5
21. Be6+ Kh8 22. Qxd5 Nc6 23. Rd1 Qxd5 24. Rxd5 Rd8 25. Rd7 Rxd7 26. Bxd7 Bd4 27. Bg3 Bxb2 28. a4 Ne5 29. Bc8 b6 30. Kf1 Kg8
31. Bf4 Nd3 32. Bb8 a5 33. Bc7 Bd4 34. f3 Kf8 35. Ke2 Nb2 36. Bd7 Ke7 37. Bb5 Ke6 38. Bf4 Kd5 39. Bc1 Nc4 40. Kd3 Nd6
41. Bd7 Nb7 42. Ba3 Nc5+ 43. Bxc5 Kxc5 44. Bf5 h6 45. Bd7=
1/2-1/2

[Event "Villa de Guaduas"]
[Site "SchemingMind.com"]
[Date "2014.06.25"]
[Round "-"]
[White "Scooter"]
[Black "fouche"]
[Result "1-0"]
[WhiteCountry "USA"]
[BlackCountry "COL"]
[WhiteElo "1774"]
[WhiteRD "48"]
[BlackElo "1612"]
[BlackRD "57"]
[GameID "360492"]

1. d4 d5 2. Nf3 Nc6 3. Bf4 Nf6 4. e3 e6 5. Bb5 Bd7 6. O-O Bd6 7. Bxd6 cxd6 8. Nbd2 O-O 9. c4 a6 10. Bxc6 bxc6
11. b3 a5 12. Re1 c5 13. cxd5 cxd4 14. dxe6 Bxe6 15. Nxd4 Qb6 16. Rc1 Rfc8 17. Nf1 h6 18. Ng3 Rxc1 19. Qxc1 Rc8 20. Qd2 a4
21. bxa4 Ra8 22. Nxe6 fxe6 23. Qc2 Qb4 24. Rb1 Qxa4 25. Rb8+ Kf7 26. Qc7+ Nd7 27. Rxa8 Qxa8 28. Qxd7+ Kf6 29. Qxd6 Qxa2 30. Ne4+ Kf7
31. Qf4+ Ke7 32. Qc7+ Kf8 33. Qd8+ Kf7 34. Nd6+ Kg6 35. h3 Qa1+ 36. Kh2 Qe5+ 37. g3 Qb2 38. Qf8 h5 39. Qf7+ Kh7 40. Qxh5+ Kg8
41. Qf7+ Kh7 42. Nc8
1-0

[Event "Villa de Guaduas"]
[Site "SchemingMind.com"]
[Date "2014.06.26"]
[Round "-"]
[White "emvarela"]
[Black "Scooter"]
[Result "1/2-1/2"]
[WhiteCountry "ARG"]
[BlackCountry "USA"]
[WhiteElo "1741"]
[WhiteRD "54"]
[BlackElo "1774"]
[BlackRD "48"]
[GameID "360493"]

1. e4 c6 2. d4 d5 3. exd5 cxd5 4. c4 Nf6 5. cxd5 Nxd5 6. Nf3 Bg4 7. h3 Bxf3 8. Qxf3 e6 9. Bb5+ Nd7 10. Bxd7+ Qxd7
11. Nc3 Bb4 12. Bd2 O-O 13. Nxd5 Bxd2+ 14. Kxd2 Qxd5 15. Qxd5 exd5 16. Rac1=
1/2-1/2

[Event "Villa de Guaduas"]
[Site "SchemingMind.com"]
[Date "2014.06.26"]
[Round "-"]
[White "Scooter"]
[Black "emvarela"]
[Result "1-0"]
[WhiteCountry "USA"]
[BlackCountry "ARG"]
[WhiteElo "1759"]
[WhiteRD "45"]
[BlackElo "1677"]
[BlackRD "48"]
[GameID "360494"]

1. d4 Nf6 2. Nf3 g6 3. Bf4 Bg7 4. e3 O-O 5. Be2 d6 6. O-O c5 7. c3 cxd4 8. cxd4 Nc6 9. a3 b6 10. Nbd2 e5
11. dxe5 dxe5 12. Nxe5 Nxe5 13. Bxe5 Qe7 14. Nf3 Rd8 15. Qc2 Bf5 16. Qc7 Qxc7 17. Bxc7 Rd7 18. Be5 Rad8 19. Nd4 Ne4 20. Bxg7 Kxg7
21. Nxf5+ gxf5 22. Rfd1 Rxd1+ 23. Rxd1 Rxd1+ 24. Bxd1 Nd2 25. b3 a5 26. Bc2 b5 27. f3 Kf6 28. Kf2 a4 29. Ke2 Nxb3 30. Bxb3 axb3
31. Kd2 Ke5 32. Kc3 Kd5 33. Kxb3 Kc5 34. g4 fxg4 35. fxg4 f6 36. h4 h6 37. h5 Kb6 38. Kb4 Kc6 39. e4 Kb6 40. Kc3 Kc5
41. Kd3 Kd6 42. Kd4 Kc6 43. e5 fxe5+ 44. Kxe5
1-0

[Event "Villa de Guaduas"]
[Site "SchemingMind.com"]
[Date "2014.06.25"]
[Round "-"]
[White "Scooter"]
[Black "kenneth m day"]
[Result "1-0"]
[WhiteCountry "USA"]
[BlackCountry "USA"]
[WhiteElo "1706"]
[WhiteRD "48"]
[BlackElo "1708"]
[BlackRD "50"]
[GameID "360495"]

1. d4 Nf6 2. Nf3 d6 3. Bf4 g6 4. e3 Bg7 5. Be2 Nh5 6. Bg5 h6 7. Bh4 g5 8. Bg3 Nxg3 9. hxg3 Bf5 10. O-O Nd7
11. Nbd2 O-O 12. c4 e5 13. dxe5 Nxe5 14. Nxe5 Bxe5 15. Qb3 Rb8 16. Bd3 Bxd3 17. Qxd3 Bxb2 18. Rab1 Bg7 19. Rfd1 Re8 20. Qd5 Re5
21. Qf3 c6 22. Ne4 Re6 23. Rd2 Be5 24. Nc5 Rf6 25. Qg4 Qe7 26. Nd7 Qd8 27. Nxf6+ Bxf6 28. e4 Qe7 29. Rd3 b6 30. Rf3 Re8
31. Qf5 Bg7 32. a4 Qe6 33. Qxe6 Rxe6 34. Rd3 Bf8 35. f3 Re5 36. g4 Rc5 37. Rb4 Ra5 38. Rb2 Rxa4 39. Rc2 Rb4 40. g3 a5
41. Kf2 Rb1 42. Rdc3 Bg7 43. Rd3 Bf8 44. f4 Rh1 45. Kg2 Rb1 46. e5 dxe5 47. fxe5 a4 48. Ra2 a3 49. Kf3 Bc5 50. Rd8+ Kg7
51. Rc8 Rb3+ 52. Ke4 Rxg3 53. Kf5 Rc3 54. Rxc6 Rb3 55. e6 fxe6+ 56. Rxe6 Rc3 57. Rd2 Rf3+ 58. Ke4 Rf4+ 59. Ke5 Rxc4 60. Rd7+ Kg8
61. Re8+ Bf8 62. Kf6 Rc6+ 63. Ke5 Rc5+ 64. Kf6 Rc6+ 65. Ke5 a2 66. Ra7 Rc5+ 67. Kf6 Ra5 68. Rg7+
1-0

[Event "Villa de Guaduas"]
[Site "SchemingMind.com"]
[Date "2014.06.25"]
[Round "-"]
[White "kenneth m day"]
[Black "Scooter"]
[Result "1-0"]
[WhiteCountry "USA"]
[BlackCountry "USA"]
[WhiteElo "1754"]
[WhiteRD "50"]
[BlackElo "1759"]
[BlackRD "45"]
[GameID "360496"]

1. e4 c6 2. c4 d5 3. cxd5 cxd5 4. exd5 Qxd5 5. d4 Nf6 6. Nc3 Qd8 7. Bc4 g6 8. Nf3 Bg7 9. O-O O-O 10. Bg5 Bg4
11. Be2 Nbd7 12. h3 Bxf3 13. Bxf3 e6 14. Rb1 Qb6 15. Be3 Qa6 16. Re1 Rac8 17. Qb3 b6 18. Rbc1 Rfd8 19. Red1 Qc4 20. Qxc4 Rxc4
21. Be2 Rcc8 22. Bg5 Nb8 23. Bf3 h6 24. Bf4 Nc6 25. Nb5 Nd5 26. Bg3 a6 27. Nd6 Rxd6 28. Bxd6 Na7 29. Rxc8+ Nxc8 30. Be5
1-0

[Event "Villa de Guaduas"]
[Site "SchemingMind.com"]
[Date "2014.07.02"]
[Round "-"]
[White "Phillip Beckett"]
[Black "fouche"]
[Result "0-1"]
[WhiteCountry "ENG"]
[BlackCountry "COL"]
[WhiteElo "1553"]
[WhiteRD "48"]
[BlackElo "1612"]
[BlackRD "57"]
[GameID "360859"]

1. e4 c5 2. Nf3 Nc6 3. d4 cxd4 4. Nxd4 Nf6 5. Nc3 e5 6. Ndb5 d6 7. Bg5 Be7 8. Bxf6 Bxf6 9. Nd5 O-O 10. Be2 Qa5+
11. Nbc3 Bd8 12. O-O a6 13. Kh1 Ne7 14. f4 Nxd5 15. Nxd5 Be6 16. fxe5 dxe5 17. Nc3 Bb6 18. Qd3 Rad8 19. Qg3 Rd2 20. Bd3 Ba7
21. Rf2 Rxf2 22. Nd5 Bxd5 23. exd5 Qxd5 24. Qh3 e4
0-1

[Event "Villa de Guaduas"]
[Site "SchemingMind.com"]
[Date "2014.07.07"]
[Round "-"]
[White "emvarela"]
[Black "Phillip Beckett"]
[Result "0-1"]
[WhiteCountry "ARG"]
[BlackCountry "ENG"]
[WhiteElo "1633"]
[WhiteRD "47"]
[BlackElo "1606"]
[BlackRD "49"]
[GameID "360860"]

1. e4 e5 2. Nf3 Nc6 3. d4 exd4 4. c3 d3 5. Bxd3 d6 6. O-O Nf6 7. Bg5 Be7 8. Nbd2 h6 9. Bxf6 Bxf6 10. Nb3 O-O
11. Nbd4 Nxd4 12. Nxd4 Bd7 13. Qb3 Qc8 14. f4 Bxd4+ 15. cxd4 c5 16. dxc5 dxc5 17. Rac1 b6 18. f5 Bc6 19. e5 Qb7 20. Rc2 Bd5
21. Bc4 Bxc4 22. Qxc4 Rad8 23. e6 fxe6 24. Qxe6+ Qf7 25. Qxf7+ Rxf7 26. g4 Rd4 27. h3 Rfd7 28. Rcf2 Rd2 29. Rxd2 Rxd2 30. Rf2 Rxf2
31. Kxf2 Kf7 32. Ke3 Kf6 33. h4 Ke5 34. b3 b5 35. a3 a5 36. h5 Kf6 37. Ke4 Kg5 38. Kd5 c4 39. bxc4 bxc4 40. Kxc4 Kxg4
41. Kb5 Kxh5 42. Kxa5 Kg5 43. Kb6 h5
0-1

[Event "Villa de Guaduas"]
[Site "SchemingMind.com"]
[Date "2014.07.07"]
[Round "-"]
[White "Phillip Beckett"]
[Black "emvarela"]
[Result "1/2-1/2"]
[WhiteCountry "ENG"]
[BlackCountry "ARG"]
[WhiteElo "1606"]
[WhiteRD "49"]
[BlackElo "1633"]
[BlackRD "47"]
[GameID "360861"]

1. e4 e5 2. Nf3 Nc6 3. Bb5 a6 4. Bxc6 dxc6 5. d4 exd4 6. Qxd4 Qxd4 7. Nxd4 Bc5 8. Nb3 Bb6 9. Nc3 Be6 10. Bf4 Bxb3
11. axb3 O-O-O 12. f3 f6 13. Ke2 Ne7 14. Rad1 Rxd1 15. Rxd1 Rd8 16. Rxd8+ Kxd8 17. Nd1 Ng6 18. Be3 Bxe3 19. Kxe3 Kd7 20. Nf2 h5
21. g3 Ke6 22. Nd3 Kd6 23. b4 b6 24. b3 h4 25. c4 hxg3 26. hxg3 Ne5 27. f4 Nxd3 28. Kxd3 a5 29. bxa5 bxa5 30. Kd4 c5+
31. Kd3 g5 32. Ke3 gxf4+ 33. gxf4 c6 34. Kd3=
1/2-1/2

[Event "Villa de Guaduas"]
[Site "SchemingMind.com"]
[Date "2014.07.02"]
[Round "-"]
[White "Phillip Beckett"]
[Black "Scooter"]
[Result "1/2-1/2"]
[WhiteCountry "ENG"]
[BlackCountry "USA"]
[WhiteElo "1553"]
[WhiteRD "48"]
[BlackElo "1774"]
[BlackRD "48"]
[GameID "360862"]

1. e4 c6 2. d4 d5 3. Nc3 dxe4 4. Nxe4 Bf5 5. Ng3 Bg6 6. Nf3 Nd7 7. c3 Qc7 8. Bd3 Bxd3 9. Qxd3 O-O-O 10. O-O Ngf6
11. Bg5 e6 12. b4 Be7 13. Rfe1 h6 14. Be3 Ng4 15. h3 Nxe3 16. Qxe3 Kb8 17. a4 Bd6 18. Ne4 Bf4 19. Qe2 Bd6 20. Nxd6 Qxd6
21. Ne5 Nxe5 22. Qxe5 Qxe5 23. Rxe5 Rd7 24. b5 Rd5 25. bxc6 Rxe5 26. dxe5 bxc6 27. Rb1+ Kc7 28. Kf1 Rd8 29. Ke2 a5 30. f4 f6
31. exf6 gxf6 32. Rd1 Rxd1 33. Kxd1 Kd6 34. Kd2 Kd5 35. Kd3 h5 36. g4 hxg4 37. hxg4 e5 38. fxe5 Kxe5 39. Ke3 Kd5 40. Kd3 c5
41. c4+ Ke5 42. Ke3 Kd6 43. Ke4 Ke6 44. Kf4 Kf7 45. Kf5 Ke7 46. g5 fxg5 47. Kxg5 Ke6 48. Kf4 Kf6=
1/2-1/2

[Event "Villa de Guaduas"]
[Site "SchemingMind.com"]
[Date "2014.07.02"]
[Round "-"]
[White "Scooter"]
[Black "Phillip Beckett"]
[Result "0-1"]
[WhiteCountry "USA"]
[BlackCountry "ENG"]
[WhiteElo "1774"]
[WhiteRD "48"]
[BlackElo "1553"]
[BlackRD "48"]
[GameID "360863"]

1. d4 d5 2. Nf3 Nf6 3. Bf4 e6 4. e3 Bd6 5. Bxd6 Qxd6 6. c3 c5 7. Bb5+ Bd7 8. Bxd7+ Nbxd7 9. O-O O-O 10. b3 Rac8
11. Nbd2 cxd4 12. cxd4 Rc3 13. Rc1 Rfc8 14. Rxc3 Rxc3 15. Nb1 Rc6 16. Qe2 Qc7 17. Ne1 Nb6 18. Qb2 Ne4 19. Nd3 Rc2 20. Qa3 Qd6
21. Qxa7 Nd7 22. Qa8+ Nf8 23. Rc1 Rxc1+ 24. Nxc1 Qc7 25. Qa3 Qc2 26. h3 Qxb1 27. b4 Qc2 28. f3 Qf2+ 29. Kh1 Ng3+ 30. Kh2 Ne2
31. Nxe2 Qxe2 32. Qb3 h6 33. a4 Ng6 34. b5 Nh4 35. Kg3 g5 36. Kg4 Qxg2+ 37. Kh5 Ng6 38. Kxh6 Qxh3+ 39. Kxg5 Qg3+ 40. Kf6 Qxf3+
41. Kg5 Qf5+ 42. Kh6 Nf8 43. Qd1 Qg6#
0-1

[Event "Villa de Guaduas"]
[Site "SchemingMind.com"]
[Date "2014.07.02"]
[Round "-"]
[White "Phillip Beckett"]
[Black "kenneth m day"]
[Result "0-1"]
[WhiteCountry "ENG"]
[BlackCountry "USA"]
[WhiteElo "1553"]
[WhiteRD "48"]
[BlackElo "1741"]
[BlackRD "52"]
[GameID "360864"]

1. e4 e5 2. Nf3 Nc6 3. Bb5 a6 4. Bxc6 dxc6 5. d4 exd4 6. Qxd4 Bg4 7. Qxd8+ Rxd8 8. O-O Bxf3 9. gxf3 Nf6 10. Bg5 Be7
11. Nc3 O-O 12. Rad1 Rfe8 13. Rfe1 b5 14. a3 h6 15. Bh4 g5 16. Bg3 Bd6 17. Bxd6 cxd6 18. e5 Nh5 19. exd6 Rxe1+ 20. Rxe1 Rxd6
21. Re8+ Kg7 22. Ne4 Rd1+ 23. Kg2 Nf4+ 24. Kg3 Rg1#
0-1

[Event "Villa de Guaduas"]
[Site "SchemingMind.com"]
[Date "2014.07.03"]
[Round "-"]
[White "kenneth m day"]
[Black "Phillip Beckett"]
[Result "1/2-1/2"]
[WhiteCountry "USA"]
[BlackCountry "ENG"]
[WhiteElo "1741"]
[WhiteRD "52"]
[BlackElo "1553"]
[BlackRD "48"]
[GameID "360865"]

1. e4 e5 2. f4 Qh4+ 3. g3 Qe7 4. d3 exf4 5. Bxf4 d5 6. Nc3 dxe4 7. Qe2 exd3 8. Qxe7+ Bxe7 9. Bxd3 c6 10. O-O-O Bg4
11. Re1 Nd7 12. Bc7 Be6 13. Nf3 Ngf6 14. Ng5 Nf8 15. Rhf1 h6 16. Nxe6 Nxe6 17. Be5 O-O-O 18. Bf5 Rhe8 19. Bxe6+ fxe6 20. Bf4 Nd5
21. Rxe6 Nxf4 22. gxf4 Bf6 23. Rxe8 Rxe8 24. Nd1 Re2 25. Rf2=
1/2-1/2

[Event "Villa de Guaduas"]
[Site "SchemingMind.com"]
[Date "2014.07.03"]
[Round "-"]
[White "fouche"]
[Black "bobbassbone"]
[Result "1-0"]
[WhiteCountry "COL"]
[BlackCountry "ENG"]
[WhiteElo "1612"]
[WhiteRD "57"]
[BlackElo "1618"]
[BlackRD "54"]
[GameID "360903"]

1. d4 c6 2. c4 d5 3. Nc3 dxc4 4. Nf3 Nf6 5. e3 b5 6. a4 a6 7. axb5 e6 8. bxc6 Nxc6 9. Bxc4 Bb4 10. O-O Bxc3
11. bxc3 O-O 12. Qc2 h6 13. e4 Bb7 14. Bb2 Qc7 15. Rfe1 Rfd8 16. Rad1 Rd7 17. d5 exd5 18. exd5 Ne7 19. Bb3 Nfxd5 20. c4 Nb4
21. Qc3 Nbc6 22. Qxg7#
1-0

[Event "Villa de Guaduas"]
[Site "SchemingMind.com"]
[Date "2014.07.03"]
[Round "-"]
[White "bobbassbone"]
[Black "fouche"]
[Result "1/2-1/2"]
[WhiteCountry "ENG"]
[BlackCountry "COL"]
[WhiteElo "1651"]
[WhiteRD "56"]
[BlackElo "1653"]
[BlackRD "58"]
[GameID "360904"]

1. d4 e6 2. Bf4 Nc6 3. e3 b6 4. Nf3 Bb7 5. c3 Qe7 6. Bd3 O-O-O 7. Nbd2 h6 8. O-O f5 9. Ne5 Nxe5 10. Bxe5 Nf6
11. Nf3 d6 12. Nh4 Qf7 13. b4 dxe5 14. a4 g5 15. Nf3 e4 16. Ne5 Qg7 17. Qe2 Nd5 18. Ba6 Nxc3 19. Qc4 Nd5 20. Bxb7+ Kxb7
21. a5 Rd6 22. axb6 Rxb6 23. b5 Bb4 24. Ra4 c5 25. Rfa1 Ra8 26. dxc5 Qxe5 27. cxb6 Nxb6 28. Qc6+ Kb8 29. Qe8+ Kb7 30. Qf7+ Qc7
31. Qxc7+ Kxc7 32. Rxb4 Kb7 33. Kf1 Rd8 34. Ke1 Rd3 35. Rb2 e5 36. Rba2 Nc8 37. Rb1 f4 38. Ke2 g4 39. Rd1 f3+ 40. gxf3 gxf3+
41. Ke1 Rb3 42. Rd5 Rb1+ 43. Kd2 Rh1 44. Rxe5 Rxh2 45. Kc3 h5 46. Rxe4 h4 47. Rf4 h3 48. Rxf3 Rh1 49. Rf7+ Kb6 50. f4 h2
51. Rc2 Kxb5 52. e4 a5 53. Rg7 Rg1 54. Rxh2 Rxg7 55. f5 Nd6 56. Re2 Kc5 57. f6 Rg3+ 58. Kb2 Rf3 59. e5 Ne8 60. Ka2 Kd5
61. Rd2+ Ke6 62. Rc2 Rf4 63. Rc6+ Kxe5 64. Rc5+ Kxf6= 65. Rxa5 Ke6=
1/2-1/2

[Event "Villa de Guaduas"]
[Site "SchemingMind.com"]
[Date "2014.07.07"]
[Round "-"]
[White "emvarela"]
[Black "bobbassbone"]
[Result "1-0"]
[WhiteCountry "ARG"]
[BlackCountry "ENG"]
[WhiteElo "1633"]
[WhiteRD "47"]
[BlackElo "1624"]
[BlackRD "58"]
[GameID "360905"]

1. e4 c6 2. d4 d5 3. Nc3 dxe4 4. Nxe4 Bf5 5. Ng3 Bg6 6. h4 h6 7. Nf3 Nf6 8. h5 Bh7 9. Bd3 Bxd3 10. Qxd3 e6
11. Bd2 Bd6 12. O-O-O Ng4 13. Ne4 Bc7 14. Be3 Nd7 15. g3 Ndf6 16. Nxf6+ Qxf6 17. Nh2 Nxf2 18. Bxf2 Qxf2 19. Rdf1 Qg2 20. Ng4 Qxg3
21. Qxg3 Bxg3 22. Rhg1 Bd6 23. Ne5 Bxe5 24. dxe5 Rd8 25. Rxg7 Rd7 26. Rfg1 Kf8 27. c4 Rd4 28. R7g4 Rxg4 29. Rxg4 Rg8 30. Rxg8+ Kxg8
31. Kd2 Kg7 32. Ke3 f6 33. Ke4 fxe5 34. Kxe5 Kf7 35. b4 b6 36. Kd6 Kf6 37. Kxc6 e5 38. Kd5 Kf5 39. c5 Kf6 40. c6 Ke7
41. Kxe5 a6 42. a4 b5 43. a5 Ke8 44. Kf6
1-0

[Event "Villa de Guaduas"]
[Site "SchemingMind.com"]
[Date "2014.07.07"]
[Round "-"]
[White "bobbassbone"]
[Black "emvarela"]
[Result "1-0"]
[WhiteCountry "ENG"]
[BlackCountry "ARG"]
[WhiteElo "1624"]
[WhiteRD "58"]
[BlackElo "1633"]
[BlackRD "47"]
[GameID "360906"]

1. d4 Nf6 2. Bg5 d5 3. Bxf6 gxf6 4. Nf3 Nc6 5. e3 e5 6. c3 Bg4 7. Be2 Bxf3 8. Bxf3 e4 9. Bg4 Bd6 10. Nd2 h5
11. Bh3 Ne7 12. Qb3 b6 13. f3 f5 14. f4 Qd7 15. c4 O-O-O 16. cxd5 Bxf4 17. g3 Bxe3 18. Qxe3 Qxd5 19. O-O c5 20. Nxe4 cxd4
21. Qd3 Kb8 22. Nd2 f4 23. Bg2 Qe5 24. Qa6 Qe3+ 25. Kh1 Rd7 26. Nc4 Qe6 27. Rac1 Nd5 28. Rfe1 Qf6 29. a4 Nb4 30. Qb5 Nd3
31. Qxd7 f3 32. Re8+ Rxe8 33. Qxe8+ Kc7 34. Ne3+
1-0

[Event "Villa de Guaduas"]
[Site "SchemingMind.com"]
[Date "2014.07.03"]
[Round "-"]
[White "Phillip Beckett"]
[Black "bobbassbone"]
[Result "0-1"]
[WhiteCountry "ENG"]
[BlackCountry "ENG"]
[WhiteElo "1553"]
[WhiteRD "48"]
[BlackElo "1618"]
[BlackRD "54"]
[GameID "360907"]

1. e4 c6 2. d4 d5 3. Nc3 dxe4 4. Nxe4 Bf5 5. Ng3 Bg6 6. c3 e6 7. Nf3 h6 8. Bd3 Bxd3 9. Qxd3 Nf6 10. Bf4 Bd6
11. Bxd6 Qxd6 12. Ne5 Nbd7 13. Nxd7 Qxd7 14. Ne4 Nxe4 15. Qxe4 O-O 16. O-O Rad8 17. Rae1 Qd5 18. Qxd5 Rxd5 19. Re5 Rfd8 20. Rfe1 Kf8
21. Rxd5 Rxd5 22. Re5 Ke7 23. Kf1 Kd6 24. f4 Rxe5 25. fxe5+ Kd5 26. Ke2 Ke4 27. b3 b6 28. g3 a5 29. h3 c5 30. dxc5 bxc5
31. a3 Kxe5 32. Ke3 Kd5 33. Kf4 c4 34. b4 axb4 35. axb4 e5+ 36. Ke3 f5 37. h4 g6 38. Kf3 e4+ 39. Ke3 g5 40. hxg5 hxg5
41. Kf2 f4 42. gxf4 gxf4 43. Ke2 e3 44. Kf3 Ke5 45. Ke2 Ke4
0-1

[Event "Villa de Guaduas"]
[Site "SchemingMind.com"]
[Date "2014.07.02"]
[Round "-"]
[White "bobbassbone"]
[Black "Phillip Beckett"]
[Result "1-0"]
[WhiteCountry "ENG"]
[BlackCountry "ENG"]
[WhiteElo "1618"]
[WhiteRD "54"]
[BlackElo "1553"]
[BlackRD "48"]
[GameID "360908"]

1. d4 d5 2. Bf4 Nf6 3. e3 e6 4. c3 Bd6 5. Bg3 Nbd7 6. Nf3 O-O 7. Bd3 Re8 8. Nbd2 e5 9. Bb1 e4 10. Nh4 Nf8
11. Qc2 Ng6 12. Nxg6 hxg6 13. f3 exf3 14. gxf3 c6 15. Rg1 Bxg3+ 16. hxg3 Bf5 17. Qb3 Bxb1 18. Rxb1 Qc7 19. Kf2 Qe7 20. Rbe1 Qc7
21. Qc2 Qd7 22. Rh1 Qf5 23. Qxf5 gxf5 24. Rh4 g6 25. Reh1 Kg7 26. Nb3 Rh8 27. Nc5 b6 28. Nd3 Nd7 29. Nb4 c5 30. Rxh8 Rxh8
31. Rxh8 Kxh8 32. Nxd5 Kg7 33. dxc5 Nxc5 34. Ne7 Na4 35. Nc8 Nxb2 36. Nxa7 Na4 37. Nb5 Kf6 38. Ke2 Ke6 39. Kd3 Nc5+ 40. Kd4 f6
41. c4 Nd7 42. Nc3 Nc5 43. Nd5 Nd7 44. Nf4+ Kf7 45. Kd5 g5 46. Nd3 Ke7 47. Kc6 Ke6 48. c5 bxc5 49. Nxc5+ Nxc5 50. Kxc5 Ke5
51. a4 g4 52. fxg4 fxg4 53. a5
1-0

[Event "Villa de Guaduas"]
[Site "SchemingMind.com"]
[Date "2014.07.02"]
[Round "-"]
[White "Scooter"]
[Black "bobbassbone"]
[Result "1/2-1/2"]
[WhiteCountry "USA"]
[BlackCountry "ENG"]
[WhiteElo "1774"]
[WhiteRD "48"]
[BlackElo "1618"]
[BlackRD "54"]
[GameID "360909"]

1. d4 c6 2. Nf3 d5 3. Bf4 Nf6 4. e3 Bg4 5. Be2 Bxf3 6. Bxf3 e6 7. O-O Bd6 8. Bxd6 Qxd6 9. c3 Nbd7 10. Nd2 O-O
11. h3 c5 12. Re1 cxd4 13. exd4 Rac8 14. Qb3 Qb6 15. Be2 Qxb3 16. axb3 a6 17. Bd3 Rc6 18. b4 Rfc8 19. b5 Rb6 20. bxa6 Rxb2
21. axb7 Rb8 22. Nf3 R2xb7 23. c4 dxc4 24. Bxc4 Rb4 25. Bd3 Nd5 26. Reb1 Rxb1+ 27. Rxb1 Rxb1+ 28. Bxb1 N7f6 29. Ba2 Nc3 30. Bc4 Kf8
31. Bd3 Ke7 32. Ng5 h6 33. Nf3 Na2 34. Bc4 Nb4 35. Kf1 Ne4 36. Ke2 Kf6 37. Ke3 Nd6 38. Bd3 Nxd3 39. Kxd3= Kf5 40. g3 g5
41. Ke3 f6 42. Nd2 Kg6 43. Ne4 Nxe4 44. Kxe4 Kf7 45. f4 Kg6 46. d5 exd5+ 47. Kxd5 Kf5 48. fxg5 hxg5 49. g4+ Kg6 50. Ke6 Kg7=
51. Ke7 Kg6 52. Kf8 f5 53. gxf5+ Kxf5 54. Kg7=
1/2-1/2

[Event "Villa de Guaduas"]
[Site "SchemingMind.com"]
[Date "2014.07.02"]
[Round "-"]
[White "bobbassbone"]
[Black "Scooter"]
[Result "0-1"]
[WhiteCountry "ENG"]
[BlackCountry "USA"]
[WhiteElo "1618"]
[WhiteRD "54"]
[BlackElo "1774"]
[BlackRD "48"]
[GameID "360910"]

1. d4 Nf6 2. Bg5 g6 3. Bxf6 exf6 4. Nf3 Bg7 5. e3 O-O 6. Be2 d6 7. c3 Bg4 8. Nbd2 Nd7 9. h3 Bxf3 10. Bxf3 c6
11. O-O d5 12. e4 dxe4 13. Nxe4 f5 14. Nd2 Re8 15. Re1 Qb6 16. Qb3 Bh6 17. Qxb6 Nxb6 18. Nb3 Nc4 19. Kf1 Nxb2 20. Nc5 Bd2
21. Rxe8+ Rxe8 22. Nxb7 Bxc3 23. Rb1 Bxd4 24. Bxc6 Rc8 25. Bf3 Rc2 26. Be2 Na4 27. a3 Nc3 28. Re1 Ra2 29. Na5 Nxe2 30. Rxe2 Ra1+
31. Re1 Rxe1+
0-1